| 000 | 00599nam a2200193Ia 4500 | ||
|---|---|---|---|
| 008 | 151121s9999||||xx |||||||||||||| ||und|| | ||
| 082 | _a811/माडगू | ||
| 082 | _bHNW-68836 | ||
| 100 | _aमाडगूळकर ग।दि। | ||
| 245 | _aगीतगोपाळ | ||
| 260 | _b"केसरी प्रकाशन,पुणे।" | ||
| 260 | _c-- | ||
| 300 | _a70 | ||
| 600 | _aमाडगूळकर ग।दि। | ||
| 630 | _aगीतगोपाळ | ||
| 700 | _aमाडगूळकर ग।दि। | ||
| 730 | _aगीतगोपाळ | ||
| 942 | _cBOOK | ||
| 999 |
_c1250330 _d1250327 |
||